Представление документа в формате RUSMARC

ПолеНазваниеЗначение
  Тип записи i
  Библиографический уровень m
001 Контрольный номер RU\NLR\BIBL_A\011777316
005 Дата корректировки 20240410121215.0
010 Индекс ISBN __
a ISBN 978-5-9677-2728-3
b Уточнения в кор.
d Цена 227-00
100 Данные общей обработки __
a Данные общей обработки 20180824d2018####c y0rusy8902 ca
101 Язык документа 0_
a Язык текста rus
102 Страна публикации __
a Страна публикации RU
106 Кодированные данные (форма документа) __
a Кодированные данные для формы документа (Обозначение носителя) s
125 Кодированные данные звукозаписи и нотных изданий __
b Определитель литературного текста с
126 Кодированные данные (звукозаписи-физические характеристики) __
a Кодированные данные звукозаписи (общие) аgbхhхх сd
127 Кодированные данные (звукозаписи-физические характеристики) __
a Продолжительность проигрывания 0539##
135 Кодированные данные (электронные ресурсы) __
a Кодированные данные (электронные ресурсы) hongannnauuuu
139 Кодированные данные (электронные ресурсы) __
a Кодированные данные (электронные ресурсы) caz
181 Поле кодированных данных: вид содержания _0
a Код вида содержания (ISBD) h
182 Поле кодированных данных: тип средства _0
a Код типа средства (ISBD) a
200 Заглавие и сведения об ответственности 1_
a Заглавие Дети дельфинов
e Сведения, относящиеся к заглавию [повесть : аудиокнига]
f Первые сведения об ответственности Тамара Михеева ; исполняет Наталья Истарова ; звукорежиссер и автор музыки: Джизаир Умеров
203 Вид содержания и тип средства __
a Вид содержания Устная речь
c Тип средства аудио
210 Выходные данные 1_
a Место издания Москва
c Издательство 1С-Паблишинг
d Дата издания 2018
215 Физическое описание __
a Объем 1 электрон. опт. диск (CD-ROM) (5 ч. 39 мин.)
c Иллюстрации/тип воспроизводства зв.
d Формат 12 см
225 Серия 1_
a Серия 1С: Аудиокниги
300 Общие примечания __
a Общие примечания Заглавие с этикетки диска
300 Общие примечания __
a Общие примечания Данные в формате MP3
330 Аннотация __
a Аннотация На крошечном Лысом острове, в Научном центре по изучению океана и его обитателей (в первую очередь, дельфинов), живет обыкновенный мальчик Сережа. Он скучает, он одинок в окружающем его мире взрослых. Но вот на остров приезжают еще двое детей - брат с сестрой Максим и Роська. Втроем ребята пытливо исследуют островок и во время очередной вылазки оказываются в запретной зоне. Они убеждаются в том, что этот клочок суши скрывает множество тайн и загадок, которые им предстоит разгадать… По жанру "Дети дельфинов" - приключенческая фантастическая повесть. По глубинной сути - книга о взрослении, дружбе, доверии, значимости людских поступков, о том, что в жизни каждого человека наступает момент, когда он должен взять на себя ответственность за то, что происходит в его мире, чтобы не дать этому миру исчезнуть навсегда. Автор повести - обладатель множества литературных наград в области детской литературы, лауреат национальной премии "Заветная мечта" и Международного конкурса имени Сергея Михалкова на лучшее художественное произведение для подростков.
333 Примечание о целевом назначении __
a Примечание о целевом назначении 6+. Для детей старше шести лет
337 Примечание о системных требованиях (электронные ресурсы) __
a Примечание о системных требованиях (электронные ресурсы) Системные требования: MS Windows 95/98/2000/XP/Vista/7/8/10 ; Pentium 100 ; ОЗУ 16 Мб ; монитор SVGA, 800x600 ; устройство чтения CD/DVD-ROM ; звуковая карта ; колонки или наушники ; мышь
606 Тематические рубрики __
a Основная рубрика Художественная литература
606 Тематические рубрики __
a Основная рубрика Современная русская литература (произведения)
610 Ключевые слова 0_
a Ключевые слова детская литература
610 Ключевые слова 0_
a Ключевые слова детские повести
610 Ключевые слова 0_
a Ключевые слова повести
610 Ключевые слова 0_
a Ключевые слова фантастические повести
610 Ключевые слова 0_
a Ключевые слова приключенческие повести
610 Ключевые слова 0_
a Ключевые слова приключения
610 Ключевые слова 0_
a Ключевые слова приключения для детей
610 Ключевые слова 0_
a Ключевые слова тема детей
610 Ключевые слова 0_
a Ключевые слова тема дружбы
610 Ключевые слова 0_
a Ключевые слова тема взросления
686 Индексы других классификаций __
a Классификационный индекс 84(2=411.2)6-445я04; ст84(2=411.2)6-445я0
2 Код системы rubbks
700 Автор _1
a Фамилия Михеева
b Имя Т. В.
f Даты 1979-
g Полное личное имя Тамара Витальевна
3 Контрольный № нормативной записи RU\NLR\AUTH\77115389
4 Код отношения 070
702 Вторичная интеллектуальная ответственность _1
a Фамилия Истарова
b Имя Н.
g Полное личное имя Наталья
4 Код отношения 590
702 Вторичная интеллектуальная ответственность _1
a Фамилия Умеров
b Имя Д.
g Полное личное имя Джизаир
4 Код отношения 570
4 Код отношения 230
801 Источник записи _0
a Страна RU
b Организация NLR
c Дата составления 20180824
g Правила каталогизации PSBO
801 Источник записи _1
a Страна RU
b Организация NLR
c Дата составления 20180824
2 Код формата rusmarc
g Правила каталогизации PSBO
801 Источник записи _2
a Страна RU
b Организация NLR
c Дата составления 20181016
2 Код формата rusmarc
g Правила каталогизации PSBO
852 Данные о местонахождении __
i Авторский знак М 69
j Шифр хранения 84(2=411.2)6-445я04
899 Данные о местонахождении __
a Местонахождение ЦБС Сургут
900 Макрообъекты __
a Макрообъекты Дети дельфинов, 2018 г. (эл. ресурс)
901 Тип документа __
a Ответственный ООФиК/Волкова
t Тип документа 0
903 Характеристики (МАРС) __
a Дата передачи 20210204
c Наименование библиотеки (МАРС) Муниципальное бюджетное учреждение культуры "Централизованная библиотечная система" г. Сургут (Центральная городская библиотека им. А. С. Пушкина)
969 Тип издания __
a Тип издания издание для слепых
a Тип издания издание для детей
a Тип издания аудиокнига
990 Данные о заказе (DOS) __
j Количество экземпляров (DOS) 2
t N записи в КСУ для И/У (DOS) 202102